The “New Big Five” Animals - Statistics

General Stats
  • This quiz has been taken 153 times
  • The average score is 4 of 5
Answer Stats
Animal % Correct
lion
95%
elephant
91%
tiger
82%
polar bear
57%
gorilla
32%
No matching quizzes found
Score Distribution
Percent of People with Each Score
Percentile by Number Answered
Your Score History
You have not taken this quiz